000
00194 a2200097 4500
001
29711
100
_a
Kay
245
_a
Not the whole truth
260
_a
_b
P W C
_c
1977
090
_c
19731
_d
19731
942
_a
NUST-CAE
_c
M
_c
10815
999
_c
264784
_d
264784